| 000 | 00341nam a2200133Ia 4500 | ||
|---|---|---|---|
| 005 | 20260326235442.0 | ||
| 008 | 260326s9999||||xx |||||||||||||| ||und|| | ||
| 100 | _aUlloa Barrenecha, Ricardo | ||
| 245 | 0 |
_aPintores de Costa Rica - 1982 / _cRicardo Ulloa Barrenecha |
|
| 260 | _bCosta Rica | ||
| 300 | _a288 p. | ||
| 650 | _aARTE | ||
| 942 | _cBK | ||
| 999 |
_c7460 _d7460 |
||